Xarxa Barcelona Municipis de Qualitat 2000 - 2003 : memòria de desplegament del protocol general / realització: Oficina de Govern Local memòria de desplegament del protocol general / realització:
Descripción Física:
331, 41 p. : quadres, gràf. ; 29 cm
Otros Autores:
Xarxa Barcelona. Municipis de Qualitat
MARC
| LEADER | 00000nam a2200000Ia 4500 | ||
|---|---|---|---|
| 001 | 22388 | ||
| 008 | 160829s2004 xx 000 0 cat d | ||
| 080 | |a M-6-324 | ||
| 245 | |a Xarxa Barcelona Municipis de Qualitat 2000 - 2003 : |b memòria de desplegament del protocol general / realització: |b Oficina de Govern Local | ||
| 260 | |a Barcelona : |b Diputació de Barcelona, |c 2004 | ||
| 300 | |a 331, 41 p. : |b quadres, gràf. ; |c 29 cm | ||
| 610 | 0 | |a Xarxa Barcelona Municipis de Qualitat |v Memòries |9 51075 | |
| 700 | |a Xarxa Barcelona. Municipis de Qualitat | ||
| 710 | |a Barcelona (Catalunya : Província). |b Oficina de Govern Local |9 53120 | ||
| 901 | |a Arxiu | ||
| 942 | |n 1 | ||
| 952 | |0 0 |1 0 |4 0 |6 M6324 |7 1 |9 52172 |a Arxiu |b Arxiu |d 2016-12-01 |l 0 |o M-6-324 |p 22388 |r 2016-12-01 00:00:00 |w 2016-12-01 |y ARXIU | ||
| 999 | |c 56020 |d 56020 | ||